000 01066nac a22002651u 4500
003 EG-ScBUE
005 20221016114627.0
008 221016s1996 vraa f b 001 0 eng d
020 _a1875498397
040 _aEG-ScBUE
_beng
_erda
_cEG-ScBUE
_dEG-ScBUE
082 0 4 _a720.92
_bARC
_222
245 0 0 _aArchitecture studio :
_bselected and current works /
_cintroductions by Masayuki Fuchigami and Mario Pisani ; [edited by Patricia Sellar].
264 1 _aMulgrave, Victoria :
_bImages Publication Group,
_c1996.
300 _a256 pages :
_billustrations (chiefly color) ;
_c31 cm.
490 0 _aThe master architect series ;
_vii
504 _aIncludes bibliographical references and index.
610 2 7 _aArchitecture studio (Group : Paris, France)
_2BUEsh
650 7 _aArchitecture
_zFrance
_zParis
_y20th century.
_2BUEsh
653 _bENGARC
655 _vReading book
700 1 _aSellar, Patricia,
_eeditor.
700 1 _aFuchigami, Masayuki,
_eauthor of introduction, etc.
700 1 _aPisani, Mario,‏
_d1947-
_eauthor of introduction, etc.
942 _cBB
_2ddc
999 _c1885
_d1885